书目信息 |
| 题名: |
打造成功的新闻发言人
|
|
| 作者: | 哈特 著 ;卫五名 译 | |
| 分册: | ||
| 出版信息: | 北京 北京大学出版社 2007 |
|
| 页数: | 196页 | |
| 开本: | 23cm | |
| 丛书名: | 公共关系经典译丛 | |
| 单 册: | ||
| 中图分类: | G212 , H019 | |
| 科图分类: | ||
| 主题词: | 新闻采访 , 演讲学 | |
| 电子资源: | ||
| ISBN: | 978-7-301-11441-4 | |
| 000 | 01445oam2 2200325 450 | |
| 001 | 003378214 | |
| 005 | 20091208154432.84 | |
| 010 | @a978-7-301-11441-4@dCNY25.00 | |
| 100 | @a20070301d2007 em y0chiy0110 ea | |
| 101 | 1 | @achi@ceng |
| 102 | @aCN@b110000 | |
| 105 | @ay z 000yy | |
| 106 | @ar | |
| 200 | 1 | @a打造成功的新闻发言人@9da zao cheng gong de xin wen fa yan ren@e掌握媒介采访和成功演讲展示之道@dSuccessful spokespersons are made,not born@ehow to control the direction of media interviews & deliver winning presentations@f(美)哈尔·哈特(Hal Hart)著@g卫五名译@zeng |
| 210 | @a北京@c北京大学出版社@d2007 | |
| 215 | @a196页@d23cm | |
| 225 | 2 | @a公共关系经典译丛 |
| 305 | @a据原书第二版译出 | |
| 330 | @a本书介绍了一系列应对媒介采访和进行演讲展示的技巧,同时给出了新闻发言人培训的闻优模式,内容包括媒介采访、应对危机的技巧、演讲战士技巧、专题培训于课堂操练、媒介采访必备内容。 | |
| 461 | 0 | @12001 @a公共关系经典译丛 |
| 510 | 1 | @aSuccessful spokespersons are made, not born@ehow to control the direction of media interviews & deliver winning presentations@zeng |
| 517 | 1 | @a掌握媒介采访和成功演讲展示之道@9zhang wo mei jie cai fang he cheng gong yan jiang zhan shi zhi dao |
| 606 | 0 | @a新闻采访 |
| 606 | 0 | @a演讲学 |
| 690 | @aG212@v4 | |
| 690 | @aH019@v4 | |
| 701 | 0 | @c(美)@a哈特@9ha te@c(Hart, Hal)@4著 |
| 702 | 0 | @a卫五名@9wei wu ming@4译 |
| 801 | 0 | @aCN@bNLC@c20091208 |
| 905 | @b20795035-39@dG212@e365@f5 | |
| 打造成功的新闻发言人:掌握媒介采访和成功演讲展示之道=Successful spokespersons are made,not born:how to control the direction of media interviews & deliver winning presentations/(美)哈尔·哈特(Hal Hart)著/卫五名译.-北京:北京大学出版社,2007 |
| 196页;23cm.-(公共关系经典译丛) |
| ISBN 978-7-301-11441-4:CNY25.00 |
| 本书介绍了一系列应对媒介采访和进行演讲展示的技巧,同时给出了新闻发言人培训的闻优模式,内容包括媒介采访、应对危机的技巧、演讲战士技巧、专题培训于课堂操练、媒介采访必备内容。 |
| ● |
| 相关链接 |
|
|
|
|
正题名:打造成功的新闻发言人
索取号:G212/365
 
预约/预借
| 序号 | 登录号 | 条形码 | 馆藏地/架位号 | 状态 | 备注 |
| 1 | 795035 | 207950350 | 第一样本阅览室/ [索取号:G212/365] | 在馆 | |
| 2 | 795036 | 207950369 | 第四借阅区/ [索取号:G212/365] | 在馆 | |
| 3 | 795037 | 207950378 | 第四借阅区/ [索取号:G212/365] | 在馆 | |
| 4 | 795038 | 207950387 | 第四借阅区/ [索取号:G212/365] | 在馆 | |
| 5 | 795039 | 207950396 | 密集书库-文学院/ [索取号:G212/365] | 在馆 |